000 00830nam a22002297a 4500
001 8122
003 FISKH
005 20250827115334.0
008 250827b cb ||||| |||| 00| 0 eng d
020 _a9780764162329
040 _aFISKH
_beng
_cFISKH
_dFISKH
082 _a 591.77
100 _aWoodward, John
245 _aCreatures of the deep /
_cWritten by John Woodward
260 _aNew York :
_bQuarto Children's Books,
_c2009.
300 _a30 pages :
_bcolor illustrations ;
_c27 cm
520 _aLearn about the amazing creatures that live near the bottom of the world's oceans. This interactive book uses pop-ups, pull tabs, wheels, and flaps to explore the ecology of the deep sea.
650 _aPop-up
_vScience
_xSharks
650 _aEducation
_vFlip Book
_xFacts Fish
942 _2ddc
_cBK
_n0
999 _c8122
_d8122